The C++ standard library from scratch / (Record no. 9152)

MARC details
000 -LEADER
fixed length control field 00705nac a22002051u 4500
008 - FIXED-LENGTH DATA ELEMENTS--GENERAL INFORMATION
fixed length control field 130826b2000 xxu|||||r|||| 001 0 eng d
010 ## - LIBRARY OF CONGRESS CONTROL NUMBER
LC control number 99062895
020 ## - INTERNATIONAL STANDARD BOOK NUMBER
International Standard Book Number 0789721287
020 ## - INTERNATIONAL STANDARD BOOK NUMBER
International Standard Book Number 9780789721280
082 00 - DEWEY DECIMAL CLASSIFICATION NUMBER
Classification number 005.133
Item number HAL
Edition number 22
100 ## - MAIN ENTRY--PERSONAL NAME
Personal name Halpern, Pablo,
9 (RLIN) 33450
245 14 - TITLE STATEMENT
Title The C++ standard library from scratch /
Statement of responsibility, etc Pablo Halpern.
260 ## - PUBLICATION, DISTRIBUTION, ETC. (IMPRINT)
Place of publication, distribution, etc Indianapolis, IN :
Name of publisher, distributor, etc Que Publishing,C.2000.
Date of publication, distribution, etc C.2000.
300 ## - PHYSICAL DESCRIPTION
Extent viii, 351 p. :
Other physical details ill. ;
Dimensions 24 cm.
440 #0 -
-- Jesse Liberty's from scratch programming series
-- 33451
500 ## - GENERAL NOTE
General note Distributer: Al-Ahram.
511 ## - PARTICIPANT OR PERFORMER NOTE
Participant or performer note Catalogued By: Mahitab.
650 #0 - SUBJECT ADDED ENTRY--TOPICAL TERM
Topical term or geographic name as entry element C++ (Computer program language)
9 (RLIN) 33452
942 ## - ADDED ENTRY ELEMENTS (KOHA)
Item type Book - Borrowing
Call number prefix 005.133HAL
Source of classification or shelving scheme Dewey Decimal Classification
Holdings
Withdrawn status Item status Damaged status Not for loan Home library Current library Shelving location Date acquired Source of acquisition Total Checkouts Full call number Barcode Date last seen Date last borrowed Koha item type
        Central Library Central Library Lower Floor 08/04/2016 Purchase 1 005.133HAL 000011278 15/07/2025 05/11/2008 Book - Borrowing